000
00264cam a2200109ua 4500
082
_a
940
_b
SUR/SI
100
_a
Surjeet, .
_9
1649
245
_a
Simple History of Modern Europe /
260
_a
Delhi :
_b
Surjeet book depot ,
_c
1971.
300
_a
; .
942
_c
BK
999
_c
6264
_d
6264